| 000 | 00483nam a2200193Ia 4500 | ||
|---|---|---|---|
| 008 | 180207s9999 xx 000 0 und d | ||
| 020 | _a9780516453606 | ||
| 050 | _bP119 1990 | ||
| 100 | _aPackard, Mary | ||
| 245 | _aSurprise! / | ||
| 245 | _cMary Packard ; illustrated by Benrei Huang. | ||
| 260 | _aChicago : | ||
| 260 | _bChildrens Press, | ||
| 260 | _c1990 | ||
| 300 | _a29 pages : | ||
| 300 | _bcolor illustration ; | ||
| 300 | _c20cm. | ||
| 440 | _aMy first reader. | ||
| 999 |
_c355333 _d355333 |
||